| 000 | 00913nam a22002417a 4500 | ||
|---|---|---|---|
| 999 |
_c18482 _d18482 |
||
| 003 | AR-CdUCM | ||
| 008 | 190514b ||||| |||| 00| 0 spa d | ||
| 040 |
_aMUNICIPALIDAD PROVINCIAL DEL CUSCO _cBIBLIOTECA MUNICIPAL DEL CUSCO |
||
| 041 | _hfre | ||
| 082 |
_a101 / _bL54 |
||
| 100 |
_aLevy - Bruhl, Lucian _939096 |
||
| 245 | _aLa mentalidad primitiva / | ||
| 260 |
_aBuenos Aires : _bEdiciones Leviatán, _c1957. |
||
| 300 |
_a391 páginas ; _c20 cm. |
||
| 440 |
_aEdiciones Siglo Veinte. _939097 |
||
| 505 | _aContenido: Indiferencia de la mentalidad primitiva a las causas mediatas -- Las potencias místicas e invisibles -- Los sueños -- Los presagios -- Los presagios (continuación) ... | ||
| 650 |
_aBiografía _922 |
||
| 650 |
_aDesarrollo _92021 |
||
| 650 |
_aFilosofía _9395 |
||
| 700 |
_aWeinberg, Gregorio (traducción y prólogo) _939098 |
||
| 942 |
_2ddc _cLIBROS |
||
| 945 |
_aachl _d2019-05-14 |
||